000
00212nam a2200097Ia 4500
008
170619s9999 xx 000 0 und d
100
_a
Gupta J B
245
0
_a
Electrical Engg.
260
_b
S K Kataria
260
_c
2003
546
_a
ENGLISH
999
_c
16685
_d
16685